00845cam a2200217 a 4500003000400000005001700004008004100021017004500062020001800107040001400125100003800139245017800177250003200355260003600387300002500423490003900448504002900487650003900516650004600555650002600601OSt20141211180929.0140812s2014 spca||| |||| 000 0 spa|d aDL B 16780-2014bBiblioteca de Catalunya a9788490642054 bcatcCDMR1 aBurgueño, José Manuel,d1965-10aComunicación institucional para periodistas b: manual práctico de comunicación y relaciones públicas cJosé Manuel Burgueño ; prólogo de Juan-Cruz Más Vidal a1a ed. en lengua castellana aBarcelona bEditorial UOCc2014 a238 p. bil. c30 cm a[Manuales] ;v314.aComunicación aBibliografia: p. 235-238 7aComunicació en l'empresa2lemac  7aComunicació en l'administració2lemac04aRelacions públiques